|
|
|
|
| LEADER |
00955cam a2200265 7i4500 |
| 001 |
0000020874 |
| 005 |
20170218090000.0 |
| 008 |
080702 eng |
| 020 |
|
|
|a 9780471659204
|
| 020 |
|
|
|a 0471659207 (hbk.)
|
| 040 |
|
|
|a DLC
|
| 090 |
0 |
0 |
|a QA402
|b .D46 2005
|
| 100 |
1 |
|
|a Dennis, Alan
|
| 245 |
1 |
0 |
|a Systems analysis and design with UML version 2.0 :
|b an object-oriented approach
|c Alan Dennis, Barbara Haley Wixom, David Tegarden.
|
| 250 |
|
|
|a 2nd ed.
|
| 260 |
|
|
|a Hoboken, NJ:
|b J. Wiley,
|c 2005.
|
| 300 |
|
|
|a xvii, 525 p.:
|b ill. (some col.);
|c 26 cm.
|
| 504 |
|
|
|a Includes bibliographical references and index
|
| 650 |
0 |
0 |
|a System design
|
| 650 |
0 |
0 |
|a UML (Computer science)
|
| 650 |
0 |
0 |
|a System analysis
|
| 700 |
1 |
|
|a Tegarden, David
|
| 700 |
1 |
|
|a Wixom, Barbara Heley
|
| 997 |
|
|
|a Communication, Visual Art & Computing, Faculty
|b Computing, Department
|
| 999 |
|
|
|a 0000031426
|b BOK
|c OPEN SHELF
|e 2nd Floor, Bestari Jaya
|